Bohatstvo a chudoba v intenciách formovania novej ekonomiky - mikroekonomické a makroekonomické súvislosti záverečná správa za celú dobu riešenia projektu č. 1/0663/09 (interné číslo VEGA 262) : doba riešenia 01/2009 - 12/2011
Gespeichert in:
| 1. Verfasser: | |
|---|---|
| Körperschaft: | |
| Weitere Verfasser: | , , , , , , |
| Format: | Buch |
| Sprache: | Slowakisch |
| Veröffentlicht: |
Bratislava
2011
|
| Schlagworte: | |
| Tags: |
Keine Tags, Fügen Sie das erste Tag hinzu!
|
MARC
| LEADER | 00000nam a2200000 4500 | ||
|---|---|---|---|
| 001 | 0146590 | ||
| 005 | 20240506133120.9 | ||
| 041 | 0 | |a slo | |
| 044 | |a SK | ||
| 245 | 1 | 0 | |a Bohatstvo a chudoba v intenciách formovania novej ekonomiky - mikroekonomické a makroekonomické súvislosti |b záverečná správa za celú dobu riešenia projektu č. 1/0663/09 (interné číslo VEGA 262) : doba riešenia 01/2009 - 12/2011 |c vedúca projektu: Dária Rozborilová |
| 264 | 1 | |a Bratislava |c 2011 | |
| 300 | |a nestr. | ||
| 610 | 2 | 0 | |a bohatstvo |
| 610 | 2 | 0 | |a chudoba |
| 610 | 2 | 0 | |a ekonomika nová |
| 610 | 2 | 0 | |a globalizácia |
| 610 | 2 | 0 | |a nerovnosť dôchodková |
| 100 | 1 | |a Rozborilová, Dária | |
| 700 | 1 | |a Přívarová, Magdaléna, 1955- | |
| 700 | 1 | |a Pauhofová, Iveta | |
| 700 | 1 | |a Bartánusová, Milada | |
| 700 | 1 | |a Ferenc, Peter | |
| 700 | 1 | |a Moravčík, Miloš | |
| 700 | 1 | |a Vongrej, Marián | |
| 700 | 1 | |a Staněk, Peter | |
| 710 | 2 | |a Národohospodárska fakulta EU. Katedra ekonómie | |